000 00281nam a22001337a 4500
008 170922b xxu||||| |||| 00| 0 eng d
020 _a9780735540033
041 _aeng
080 _a37
100 _a46
101 _aEDU
245 _aCRUNCHTIME
_cEMANUEL, S.L
942 _2udc
_cBK
999 _c29289
_d29289